00532nam a2200169Ia 4500008004100000020001800041041000800059082001600067100001800083245003200101250000600133260004000139300001200179650001700191999001900208952013500227210716s2006 xx 000 0 und d a9788173715372 aeng a574.88 HINR aHine, Robert. aCell and molecular biology. a1 aNew DelhibUniversities Pressc2006 avii,248 aBiology(574) c193312d193312 00102ddc40708MCAaAIMITbAIMITeKnowledge Worldg205.00l0o574.88 HINRpMCA12820r2025-07-21 00:00:00v153.75w2021-07-16yBK